बेबी हेल्थ गाइड / (Record no. 121607)
[ view plain ]
| 000 -LEADER | |
|---|---|
| fixed length control field | 00943nam a22002417a 4500 |
| 005 - DATE AND TIME OF LATEST TRANSACTION | |
| control field | 20170124103217.0 |
| 010 ## - LIBRARY OF CONGRESS CONTROL NUMBER | |
| LC control number | A-837330 |
| 020 ## - INTERNATIONAL STANDARD BOOK NUMBER | |
| Terms of availability | 00.00 |
| 035 ## - SYSTEM CONTROL NUMBER | |
| System control number | A-837330 |
| 037 ## - SOURCE OF ACQUISITION | |
| Source of stock number/acquisition | Cen Lib/Ret |
| 040 ## - CATALOGING SOURCE | |
| Original cataloging agency | DPL |
| Language of cataloging | HN |
| 082 ## - DEWEY DECIMAL CLASSIFICATION NUMBER | |
| Classification number | 649 |
| Item number | वोहरा |
| 100 ## - MAIN ENTRY--PERSONAL NAME | |
| Personal name | वोहरा, आशारानी |
| 9 (RLIN) | 99682 |
| 110 ## - MAIN ENTRY--CORPORATE NAME | |
| Subordinate unit | प्रतियोगिता दर्पण |
| 9 (RLIN) | 99683 |
| 245 ## - TITLE STATEMENT | |
| Title | बेबी हेल्थ गाइड / |
| Statement of responsibility, etc | आशारानी वोहरा |
| 246 ## - VARYING FORM OF TITLE | |
| Title proper/short title | Beby health guide |
| Remainder of title | by Asharani Vohra |
| 300 ## - PHYSICAL DESCRIPTION | |
| Extent | 260पृष्ठ. : |
| Dimensions | 23सेमी(सजिल्द) |
| Other physical details | चित्र. |
| 650 ## - SUBJECT ADDED ENTRY--TOPICAL TERM | |
| Topical term or geographic name as entry element | बच्चे की देखभाल |
| 9 (RLIN) | 2124 |
| 650 ## - SUBJECT ADDED ENTRY--TOPICAL TERM | |
| Topical term or geographic name as entry element | प्रमुख रोग और उनकी देखभाल |
| 9 (RLIN) | 99684 |
| 650 ## - SUBJECT ADDED ENTRY--TOPICAL TERM | |
| Topical term or geographic name as entry element | Child Care |
| 9 (RLIN) | 10040 |
| 650 ## - SUBJECT ADDED ENTRY--TOPICAL TERM | |
| Topical term or geographic name as entry element | Major diseases and their care |
| 9 (RLIN) | 99685 |
| 942 ## - ADDED ENTRY ELEMENTS (KOHA) | |
| Source of classification or shelving scheme | Dewey Decimal Classification |
| Koha item type | Hindi Books |
| Classification part | 649 |
| Call number suffix | वोहरा |
| Withdrawn status | Lost status | Damaged status | Not for loan | Home library | Current library | Date acquired | Source of acquisition | Cost, normal purchase price | Total Checkouts | Full call number | Barcode | Date last seen | Copy number | Cost, replacement price | Price effective from | Koha item type |
|---|---|---|---|---|---|---|---|---|---|---|---|---|---|---|---|---|
| Central Library | Central Library | 10/10/2015 | Cen Lib/Ret | 0.00 | 649 वोहरा | A-837330 | 10/10/2015 | 1 | 0.00 | 10/10/2015 | Hindi Books |
